| 000 | 00886 a2200277 4500 | ||
|---|---|---|---|
| 003 | OSt | ||
| 005 | 20180116192400.0 | ||
| 008 | 120702t xxu||||| |||| 00| 0 eng d | ||
| 020 | _a0714837504 (pbk) | ||
| 020 | _a9780714837505 | ||
| 040 | _c0 | ||
| 082 | _a759.2 | ||
| 100 |
_aLynton, Norbert. _95131 |
||
| 245 | _aBen Nicholson. | ||
| 250 | _a2nd ed. | ||
| 260 |
_aLondon : _bPhaidon, _c1998. |
||
| 300 |
_a240p. : _bchiefly ill. ; _c29cm. |
||
| 500 | _aPrevious ed.: 1991. | ||
| 500 | _aIncludes bibliographical references and index. | ||
| 600 | 1 | 4 |
_aNicholson, Ben, _d1894-1982 _xCriticism and interpretation. _95132 |
| 650 | 0 |
_aPainting, Modern _y20th century _zEngland. _95133 |
|
| 650 | 0 |
_aPainting, English. _95134 |
|
| 700 |
_4Nicholson, Ben, _d1894-1982. _95135 |
||
| 942 |
_aSADA _cBK _k759.2 LYN 1998 _2ddc |
||
| 999 |
_c353289 _d353289 |
||